50 TABLEAUX CELEBRES - Statistiques

Statistiques générales
  • Ce quiz a été pris 265 fois
  • Le résultat moyen est 25 sur 50
Statistiques - réponses
Par images Réponse % Correct
Léonard De Vinci
93%
Pablo Picasso
88%
Edvard Munch
84%
Vincent Van Gogh
84%
Claude Monet
82%
Eugène Delacroix
82%
Salvador Dali
81%
Michel Ange
80%
Johannes Vermeer
79%
Gustav Klimt
76%
Edouard Manet
74%
Frida Kahlo
73%
Auguste Renoir
72%
Banksy
68%
Gustave Courbet
64%
Henri Matisse
64%
Théodore Géricault
63%
Andy Wahrol
61%
Francisco De Goya
61%
Paul Cézanne
59%
Paul Cézanne
59%
Paul Gauguin
59%
Diego Velasquez
55%
Katsushika Hokusai
55%
Edgar Degas
51%
Jan Van Eyck
44%
Giuseppe Arcimboldo
43%
Henri Rousseau
40%
Jean François Millet
37%
Piet Mondrian
37%
Van Rijn Rembrandt
37%
Grant Wood
36%
Jérome Bosch
36%
Gustave Caillebotte
35%
Henri de Toulouse Lautrec
35%
Jean Auguste Dominique Ingrès
35%
Georges Seurat
34%
Nicolas Poussin
30%
Roy Lichtenstein
27%
Jean Honoré Fragonard
25%
Paul Véronèse
25%
Vassily Kandinsky
24%
Yves Klein
24%
Hyacinthe Rigaud
21%
Marc Chagall
17%
Pieter Brueghel l'Ancien
16%
Otto Dix
14%
James Abbott McNeill Whistler
11%
Kasimir Malevitch
11%
Paolo Uccelo
5%
Aucun quiz correspondant
Distribution des résultats
% des personnes avec chaque résultat
Percentile par nombre de réponses
Votre historique - résultats
Vous n’avez pas pris ce quiz